Insurgencia y contrainsurgencia (Record no. 182831)

MARC details
000 -LEADER
campo de control de longitud fija 00707nam a2200169 i 4500
001 - NÚMERO DE CONTROL
campo de control 182831
003 - IDENTIFICADOR DE NÚMERO DE CONTROL
campo de control ES-MaACL
005 - FECHA Y HORA DE LA ÚLTIMA TRANSACCIÓN
campo de control 20230906221726.0
008 - DATOS DE LONGITUD FIJA--INFORMACIÓN GENERAL
campo de control de longitud fija 131108s2013 sp |||| | spa d
100 1# - ENTRADA PRINCIPAL--NOMBRE DE PERSONA
Nombre de persona Martínez Isidoro, Ricardo.
9 (RLIN) 153803
245 10 - MENCIÓN DEL TÍTULO
Título Insurgencia y contrainsurgencia
Resto del título : 5ª Conferencia del Ciclo 2013 pronunciada en el aula magna del Centro Superior de Estudios de la Defensa Nacional (CESEDEN) Madrid 23 de mayo de 2013 /
Mención de responsabilidad, etc. Ricardo Martínez Isidoro.
260 ## - PUBLICACIÓN, DISTRIBUCIÓN, ETC.
Lugar de publicación, distribución, etc. Madrid :
Nombre del editor, distribuidor, etc. Asociación Española de Militares Escritores,
Fecha de publicación, distribución, etc. [2013?]
300 ## - DESCRIPCIÓN FÍSICA
Extensión 35 p. ;
Dimensiones 21 cm.
650 #4 - PUNTO DE ACCESO ADICIONAL DE MATERIA--TÉRMINO DE MATERIA
Término de materia o nombre geográfico como elemento de entrada Guerra de guerrillas.
9 (RLIN) 13184
650 #4 - PUNTO DE ACCESO ADICIONAL DE MATERIA--TÉRMINO DE MATERIA
Término de materia o nombre geográfico como elemento de entrada Guerra asimétrica.
9 (RLIN) 138687
852 ## - LOCALIZACIÓN
Ubicación ES-MaACL
Número de control de estantería 2319-F-21
Holdings
Estatus retirado Estado de pérdida Estado de daño No para préstamo Colección Biblioteca de origen Biblioteca actual Ubicación en estantería Fecha de adquisición Fuente de adquisición Total de préstamos Signatura topográfica completa Código de barras Visto por última vez Precio de reemplazo Tipo de ítem Koha
        Colección de folletos Biblioteca del Ateneo de Madrid Biblioteca del Ateneo de Madrid Depósito folletos 08/11/2013     2319-F-21 1192147 23/02/2023 23/02/2023 Folleto